000 00344nam a2200133Ia 4500
008 240624s9999 xx 000 0 und d
041 _aeng
082 _a658.4013 MAH
100 _aMAHAJAN M
245 _aSTATISTICAL QUALITY CONTROL
260 _c2005
_aDelhi
_bDhanpat Rai & Co. (P) Ltd.
300 _axv, : 544 : p. : cm. ; 21
365 _cRS
999 _c13016
_d13016